| 000 | 00707nam a22002057a 4500 | ||
|---|---|---|---|
| 003 | OSt | ||
| 005 | 20251218081224.0 | ||
| 008 | 251218b |||||||| |||| 00| 0 eng d | ||
| 020 | _a0-631-22717-2 | ||
| 040 |
_aDWC-Main lib _cOC |
||
| 082 | _aCirc. 306.44 So678 2003 | ||
| 100 | _aPauston, C. | ||
| 245 |
_aSociolinguistics : _bthe essential readings _cPauston, Christina B. |
||
| 260 |
_aBerlin, Germany : _b Blackwell Publishing, _cc2003 |
||
| 300 |
_axvi, 502 pages ; _c 24 cm. |
||
| 504 | _aIncludes bibliographical references and index | ||
| 650 | _2Sociolinguistics | ||
| 700 | _aTucker, Richard G. | ||
| 942 |
_2ddc _cBK-CIRC _hCirc. 306.44 So678 2003 _kCirc. _n0 |
||
| 999 |
_c7207 _d7207 |
||